000
00324nam a2200133Ia 4500
008
231129s1981||||xx |||||||||||||| ||spa||
040
_b
spa
082
_a
823 W519u
100
_a
West Morris
245
0
_a
Los bufones de Dios
260
_c
1981
264
_a
Bogotá Colombia : Círculo de Lectores
942
_2
ddc
_c
BKS
999
_c
19514
_d
19514